000 00578nam a2200193Ia 4500
008 151121s9999||||xx |||||||||||||| ||und||
082 _a813-/बुवा
082 _bHNW-46900
100 _aबुवा वि। आ।
245 _aबुवाबाजी
260 _b"गुलमोहर प्रकाशन, सातारा।"
260 _c--
300 _a200
600 _aबुवा वि। आ।
630 _aबुवाबाजी
700 _aबुवा वि। आ।
730 _aबुवाबाजी
942 _cBOOK
999 _c1233246
_d1233243